000 00359nam a2200133Ia 4500
008 100328s9999 xx 000 0 und d
082 _b3876
100 _aपेरुरकर य.दि.
245 _aघायाळ
260 _bदेशमुख आणि कंपनी
630 _aघायाळ
730 _aघायाळ
942 _cBOOK
999 _c499985
_d499982